Initial value methods for boundary value problems : theory and application of invariant imbedding /

Guardado en:
Autor Principal: Meyer, Gunter H.
Formato: Libro
Idioma:English
Publicado: New York : Academic Press, 1973.
Series:Mathematics in science and engineering ; v. 100
Materias:
Etiquetas: Agregar Etiqueta
Sin Etiquetas, Sea el primero en etiquetar este registro!
LEADER 00882nam a2200241 a 4500
001 MAT.inmabb002964
008 730817s1973####nyua#####b####001#0#eng##
005 20170605123856.0
245 1 0 |a Initial value methods for boundary value problems :  |b theory and application of invariant imbedding /  |c Gunter H. Meyer. 
260 |a New York :  |b Academic Press,  |c 1973. 
300 |a xiii, 220 p. :  |b il. ;  |c 24 cm. 
440 0 |a Mathematics in science and engineering ;  |v v. 100 
504 |a Bibliografía: p. 212-216. 
510 4 |a MR,  |c 58 #8301 
020 |a 0124929508 
100 1 |a Meyer, Gunter H. 
650 0 |a Boundary value problems  |x Numerical solutions. 
650 0 |a Initial value problems  |x Numerical solutions. 
650 0 |a Invariant imbedding. 
084 |a 65L10 (34BXX 35A99 65N99)  |2 MR 
010 |a  72082626  
040 |a DLC  |c DLC  |d DLC 
859 |h 65  |i M612  |p A-4809  |b BIB. MATEMATICA